000 00373nam a2200145Ia 4500
008 230718s9999 xx 000 0 und d
041 _aEng.
082 _a338.23
_bانع-ق
100 _aانعام الحق، جواں
245 0 _aقانون معتاد سماعت
260 _aPakistan
_bسفر ایک ہاؤس
_c1999
300 _a173
650 _aLaw
999 _c28854
_d28854